| 000 | 00502nam a2200133Ia 4500 | ||
|---|---|---|---|
| 008 | 170221s9999 xx 000 0 und d | ||
| 100 | _aAllison Davenport | ||
| 245 | _aIs Copyright Evolving or Mutating? What American Broadcasting Cos. v. Aereo, Inc. Says About U.S. Copyright Law in the Twenty-First Century | ||
| 245 | _cAllison Davenport | ||
| 260 | _c2015 | ||
| 300 | _a13 : 1 | ||
| 650 | _xBusiness | ||
| 856 | _uhttp://digitalcommons.pepperdine.edu/cgi/viewcontent.cgi?article=1144&context=jbel | ||
| 999 |
_c311499 _d311499 |
||